Los magnates de la prensa: concentración de los medios de comunicación en Chile
-д хадгалсан:
| Үндсэн зохиолч: | |
|---|---|
| Формат: | Ном |
| Хэл сонгох: | испани |
| Хэвлэсэн: |
Santiago
Random House Mondadori
2009
|
| Хэвлэл: | 1a. ed |
| Цуврал: | Debate Actualidad
|
| Нөхцлүүд: | |
| Шошгууд: |
Шошго нэмэх
Шошго байхгүй, Энэхүү баримтыг шошголох эхний хүн болох!
|
MARC
| LEADER | 00000cam a2200000 a 4500 | ||
|---|---|---|---|
| 001 | UCH9921 | ||
| 003 | CL-VaPUC | ||
| 008 | 100304e20090000CL |||||||||||||||||spa|d | ||
| 020 | |a 9789568410292 | ||
| 082 | 0 | 4 | |a 302.23 |b MON |2 21 |
| 100 | |a Mönckeberg Pardo, María Olivia |e autora |9 577534 | ||
| 245 | 1 | 4 | |a Los magnates de la prensa: concentración de los medios de comunicación en Chile |
| 250 | |a 1a. ed | ||
| 300 | |a 520 p | ||
| 942 | |c BK | ||
| 945 | |d 20100304 00:00:00 |a cmena | ||
| 260 | |a Santiago |b Random House Mondadori |c 2009 | ||
| 650 | 0 | |a Medios de comunicación de masas |9 257273 | |
| 650 | 7 | |a SOCIOLOGIA DEL PERIODISMO |2 CL-VaPUC |9 462333 | |
| 650 | 7 | |a CONCENTRACION ECONOMICA |2 CL-VaPUC |9 256619 | |
| 650 | 0 | |a Poder político |9 255509 | |
| 651 | 7 | |a CHILE |2 CL-VaPUC |9 547214 | |
| 583 | |a last modification |c 20111226 12:00:02 |k Rodrigo Vera | ||
| 490 | 0 | |a Debate Actualidad | |
| 999 | |c 339746 |d 339744 | ||
| 952 | |0 0 |1 2 |4 0 |6 302_230000000000000_MON_2009 |7 0 |8 A |9 433558 |a BIBENE |b BIBENE |d 2019-11-22 |i 4648951 |o 302.23 MON 2009 |p 4648951 |r 2019-11-22 |w 2019-11-22 |y BK |k ICO | ||
| 952 | |0 0 |1 0 |4 0 |6 302_230000000000000_MON_2009 |7 0 |8 A |9 433559 |a BIBHIS |b BIBHIS |d 2019-11-22 |i 4818938 |l 1 |o 302.23 MON 2009 |p 4818938 |r 2025-05-07 |s 2025-04-24 |w 2019-11-22 |y BK |k HIS | ||